| 000 | 00344nam a22001457a 4500 | ||
|---|---|---|---|
| 003 | macl | ||
| 005 | 20170413162120.0 | ||
| 008 | 170413b xxu||||| |||| 00| 0 eng d | ||
| 040 | _cmacl | ||
| 100 |
_aNCERT _94590 |
||
| 245 | _aMATHEMATICS Textbook for class VI | ||
| 260 |
_aNEWDELHI _bNCERT _c2015 |
||
| 650 |
_aMATHE _922549 |
||
| 942 |
_2ddc _cBK |
||
| 999 |
_c56188 _d56188 |
||